Faculty of Law Library — Cairo University

Official Online Catalog

إستقطاب واختيار موظفي الخدمة العامة بالدول النامية / (Record no. 45333)

MARC details
000 -LEADER
fixed length control field 01061nam a22003017a 4500
003 - CONTROL NUMBER IDENTIFIER
control field EG-GICUC
005 - DATE AND TIME OF LATEST TRANSACTION
control field 20260203171540.0
008 - FIXED-LENGTH DATA ELEMENTS--GENERAL INFORMATION
fixed length control field 251123s1978 ua |||fr|||| 000 0 ara d
017 ## - COPYRIGHT OR LEGAL DEPOSIT NUMBER
Copyright or legal deposit number 1978/3481
020 ## - INTERNATIONAL STANDARD BOOK NUMBER
International Standard Book Number 7304005
040 ## - CATALOGING SOURCE
Original cataloging agency EG-GICUC
Language of cataloging ara
Transcribing agency EG-GICUC
Modifying agency EG-GICUC
Description conventions rda
041 0# - LANGUAGE CODE
Language code of text/sound track or separate title ara
082 04 - DEWEY DECIMAL CLASSIFICATION NUMBER
Edition number 21
Classification number 345.42
Item number ع م . إ
092 04 - LOCALLY ASSIGNED DEWEY CALL NUMBER (OCLC)
Edition number 21
099 ## - LOCAL FREE-TEXT CALL NUMBER (OCLC)
Classification number Law1 07 345.42 ع م . إ 1978
100 1# - MAIN ENTRY--PERSONAL NAME
Personal name عمرو وصفي عقيلى
Relator term مؤلف.
245 10 - TITLE STATEMENT
Title إستقطاب واختيار موظفي الخدمة العامة بالدول النامية /
Statement of responsibility, etc. عمرو وصفي عقيلى.
264 #1 - PRODUCTION, PUBLICATION, DISTRIBUTION, MANUFACTURE, AND COPYRIGHT NOTICE
Place of production, publication, distribution, manufacture القاهرة :
Name of producer, publisher, distributor, manufacturer المنظمة العربية للعلوم الإدارية،
Date of production, publication, distribution, manufacture, or copyright notice [1978].
300 ## - PHYSICAL DESCRIPTION
Extent 75 ؛ صفحة
Dimensions 24 سم.
336 ## - CONTENT TYPE
Source rda content
Content type term text
337 ## - MEDIA TYPE
Source rda media
Media type term Computer
338 ## - CARRIER TYPE
Source rda carrier
Carrier type term Online Resource
650 14 - SUBJECT ADDED ENTRY--TOPICAL TERM
Topical term or geographic name entry element طرق اختيار الموظف العام
Source of heading or term qrmak
651 1# - SUBJECT ADDED ENTRY--GEOGRAPHIC NAME
Source of heading or term qrmak
856 40 - ELECTRONIC LOCATION AND ACCESS
Uniform Resource Identifier <a href="https://fll.law.cu.edu.eg/fulltext/bks/B07-00071.pdf">https://fll.law.cu.edu.eg/fulltext/bks/B07-00071.pdf</a>
905 ## - Cataloger and Reviser Names
Cataloger Name: Esraa Abo Elmagd
942 ## - ADDED ENTRY ELEMENTS (KOHA)
Source of classification or shelving scheme Dewey Decimal Classification
Koha item type Books
Edition 21
Suppress in OPAC No
Holdings
Withdrawn status Lost status Source of classification or shelving scheme Damaged status Not for loan Collection Home library Current library Date acquired Total checkouts Full call number Barcode Date last seen Copy number Price effective from Koha item type
    Dewey Decimal Classification   Not for loan القانون الإداري جــــامعة القــاهرة مكتبة كلية الحقوق - المبنى الرئيسي 11.01.2026   Law1 07 345.42 ع م . إ 1978 0700071 C1 B07-00071 11.01.2026 1 11.01.2026 Books
    Dewey Decimal Classification     القانون الإداري جــــامعة القــاهرة مكتبة كلية الحقوق - المبنى الرئيسي 11.01.2026   Law1 07 345.42 ع م . إ 1978 0700060 C2 B07-00060 11.01.2026 2 11.01.2026 Books
    Dewey Decimal Classification     القانون الإداري جــــامعة القــاهرة مكتبة كلية الحقوق - فـرع الشيخ زايد 18.01.2026   Law2 07 345.42 ع م . إ 1978 0700103 C3 B07-00103 18.01.2026 3 18.01.2026 Books

© All rights reserved — Faculty of Law, Cairo University